Fundación / (Registro nro. 11588)

Detalles MARC
000 -LEADER
fixed length control field 00848nam a22002897a 4500
001 - CONTROL NUMBER
control field 000562
003 - CONTROL NUMBER IDENTIFIER
control field DO-SdBNP
005 - DATE AND TIME OF LATEST TRANSACTION
control field 20180125110214.0
007 - PHYSICAL DESCRIPTION FIXED FIELD--GENERAL INFORMATION
fixed length control field 000562
008 - FIXED-LENGTH DATA ELEMENTS--GENERAL INFORMATION
fixed length control field 161018b 1982 sp ||||| |||| 00| 0 spa d
020 ## - INTERNATIONAL STANDARD BOOK NUMBER
International Standard Book Number 840204719X
040 ## - CATALOGING SOURCE
Original cataloging agency BPMSU
Language of cataloging spa
Transcribing agency BPMSU
041 17 - LANGUAGE CODE
Language code of text/sound track or separate title spa
Language code of original eng
100 1# - MAIN ENTRY--PERSONAL NAME
Personal name Asimov, Isaac,
Dates associated with a name 1920-1992.
240 ## - UNIFORM TITLE
Uniform title <a href="Foundation.">Foundation.</a>
Language of a work Español
245 10 - TITLE STATEMENT
Title Fundación /
Statement of responsibility, etc. Isaac Asimov ; traducción del inglés, Pilar Giralt.
250 ## - EDITION STATEMENT
Edition statement 8ª ed.
260 ## - PUBLICATION, DISTRIBUTION, ETC. (IMPRINT)
Place of publication, distribution, etc. Barcelona :
Name of publisher, distributor, etc. Bruguera,
Date of publication, distribution, etc. 1982.
300 ## - PHYSICAL DESCRIPTION
Extent 253, [2] p. ;
Dimensions 18 cm.
490 1# - SERIES STATEMENT
Series statement Libro Amigo. Ciencia ficción
Volume/sequential designation 385
500 ## - GENERAL NOTE
General note Incluye datos del autor.
700 12 - ADDED ENTRY--PERSONAL NAME
Personal name Giralt, Pilar,
Relator term tr.
830 #0 - SERIES ADDED ENTRY--UNIFORM TITLE
Uniform title Libro Amigo. Ciencia ficción
Volume number/sequential designation 385
942 ## - ADDED ENTRY ELEMENTS (KOHA)
Source of classification or shelving scheme Dewey Decimal Classification
Koha item type Libros
945 ## - LOCAL PROCESSING INFORMATION (OCLC)
a Inventariado, 2018 /LP
956 ## - LOCAL ELECTRONIC LOCATION AND ACCESS (OCLC)
Host name LOPEREZ
Access number 10
Compression information 20161017
Existencias
Withdrawn status Lost status Source of classification or shelving scheme Damaged status Not for loan Collection code Home library Current library Date acquired Source of acquisition Total Checkouts Barcode Date last seen Price effective from Koha item type
    Dewey Decimal Classification     Colección General Biblioteca Pública Metropolitana Salomé Ureña Biblioteca Pública Metropolitana Salomé Ureña 10/18/2016 Donación   BPMSU16100219 10/18/2016 10/18/2016 Libros